00557nam a2200145Ia 4500003000400000008004100004020002700045040000800072041000700080082001800087100004600105245018000151260007200331300000800403LDD190117s9999 xx 000 0 und d a9789350008171c₹1500 cLDD ahi a8H3.7 ल5926 aयादव, राजेन्द्र 0aलम्बी कहानियाँ-1 b हंस के पच्चीस वर्षो (1986 से 2011) का चयनcराजेन्द्र यादव aनई दिल्लीbवाणी प्रकाशनc2011 a438